000 00321nam a22001217a 4500
008 180504b xxu||||| |||| 00| 0 eng d
041 _aeng
080 _a043.3
100 _a0
101 _aMBE-BTH
245 _aAnalizë e ndikimit të politikave tatimore së Kosovës në sektorin privat
_cTasholli,F
942 _2udc
_cBK
999 _c45661
_d45661